ENDOCRINE disorders during pregnancy

Αποθηκεύτηκε σε:
Λεπτομέρειες βιβλιογραφικής εγγραφής
Μορφή: Βιβλίο
Γλώσσα:Αγγλικά
Έκδοση: Jaypee Brothers Medical Publlishers 2013
Ετικέτες: Προσθήκη ετικέτας
Δεν υπάρχουν, Καταχωρήστε ετικέτα πρώτοι!

MARC

LEADER 00000nam a22000007a 4500
008 210923b ||||| |||| 00| 0 eng d
020 |a 9989350255735 
245 |a ENDOCRINE disorders during pregnancy  |c edited by Sarita Bajaj, Rajesh Rajput, Jubbin J.Jacob  |g viii, 168p; ill 
250 |c Bajaj, Sarita 
250 |b Rajput, Rajesh 
250 |c Jacob, Jubbin J. 
260 |b Jaypee Brothers Medical Publlishers  |c 2013  |h New Delhi  |i 697072  |i 697073  |l RG571.En2  |m Pregnancy Complications  |m Prenatal Care- Methods 
500 |a it includes references and index 
942 |a lcc  |c BK  |e Johnson  |f 23/09/21 
952 |0 0  |1 0  |2 lcc  |4 0  |6 RG0571 E N2  |7 0  |9 3610  |a HE  |b HOL  |c QZ  |d 2021-09-23  |l 0  |o RG571.En2  |p 2021-67347  |r 2021-09-23 00:00:00  |w 2021-09-23  |y BK 
952 |0 0  |1 0  |2 lcc  |4 0  |6 RG0571 E N2  |7 0  |9 3611  |a HOL  |b HOL  |c QZ  |d 2021-09-23  |l 0  |o RG571.En2  |p 20RG571.En21-67348  |r 2021-09-23 00:00:00  |w 2021-09-23  |y BK 
999 |c 1789  |d 1789